[Event "Michigan Action"]
[Site "Detroit, MI"]
[Date "1999.12.18"]
[Round "5"]
[White "Wheeler, Isiah"]
[Black "Coleman, Kareem"]
[Result "1-0"]
[WhiteElo "554"]
[BlackElo "567"]
[PlyCount "49"]
[EventDate "1999.12.18"]

1. c4 e5 2. d4 exd4 3. Qxd4 b6 4. Qe4+ Be7 5. Qxa8 Bc5 6. Qxb8 Qf6 7. Qxc8+ Ke7
8. Nf3 Bb4+ 9. Nbd2 Bxd2+ 10. Nxd2 g6 11. Qa6 Nh6 12. Qa3+ d6 13. Ne4 Qh4 14.
Qf3 Ng4 15. b4 c5 16. Rb1 cxb4 17. g3 Qh5 18. Qf4 Qa5 19. Bd2 Qxa2 20. e3 Qxb1+
21. Ke2 b3 22. Bh3 Qxh1 23. Qxd6+ Ke8 24. Bxg4 b2 25. Nf6# 1-0

[Event "Michigan Action"]
[Site "Detroit, MI"]
[Date "1999.12.18"]
[Round "4"]
[White "Wheeler, DeAndre"]
[Black "Feller, Brad"]
[Result "0-1"]
[WhiteElo "572"]
[BlackElo "839"]
[PlyCount "62"]
[EventDate "1999.12.18"]

1. e4 c5 2. c4 d6 3. f4 g6 4. g3 Bg7 5. d3 Nc6 6. Nd2 Qb6 7. Ngf3 Bd4 8. Rb1
Bg4 9. Ng1 Bxd1 10. Kxd1 Nf6 11. Bg2 Ng4 12. Bh3 Nf2+ 13. Ke2 Qa6 14. b3 Qxa2
15. Ngf3 Nxh1 16. Bb2 Bxb2 17. Rxh1 Bc3 18. Rd1 Nd4+ 19. Ke3 Nxf3 20. Nxf3 Bd4+
21. Nxd4 cxd4+ 22. Kxd4 Qb2+ 23. Ke3 Qxh2 24. Bg4 Qxg3+ 25. Bf3 O-O 26. e5 dxe5
27. fxe5 Qxe5+ 28. Kd2 Rfd8 29. Bxb7 Rab8 30. Be4 Rxb3 31. Kc2 Qb2# 0-1

[Event "Michigan Action"]
[Site "Detroit, MI"]
[Date "1999.12.18"]
[Round "2"]
[White "Wheeler, DeAndre"]
[Black "DeFrayne, Don"]
[Result "0-1"]
[WhiteElo "572"]
[BlackElo "1427"]
[PlyCount "44"]
[EventDate "1999.12.18"]

1. d4 d5 2. Nf3 Nf6 3. Nbd2 g6 4. e4 dxe4 5. Nxe4 Nxe4 6. c3 Bg7 7. Be3 O-O 8.
a3 e6 9. Bc4 Nd6 10. Bd3 b6 11. Qb1 Bb7 12. g3 Bxf3 13. Rf1 Nd7 14. h4 e5 15.
Bg5 Bf6 16. b4 Bxg5 17. hxg5 Qxg5 18. Qb2 exd4 19. cxd4 Rfe8+ 20. Be2 Bxe2 21.
Qxe2 Nc4 22. Rc1 Qxc1# 0-1

[Event "Michigan Action"]
[Site "Detroit, MI"]
[Date "1999.12.18"]
[Round "6"]
[White "Weaks, Shanar"]
[Black "Horwood, Rob"]
[Result "0-1"]
[WhiteElo "771"]
[BlackElo "1096"]
[PlyCount "94"]
[EventDate "1999.12.18"]

1. e4 e5 2. Nf3 Nc6 3. d3 Bc5 4. Ng5 Qf6 5. Qf3 h6 6. Qxf6 Nxf6 7. Nf3 Ng4 8.
Be3 Bxe3 9. fxe3 Nxe3 10. Na3 Nb4 11. Rc1 Nxf1 12. Rxf1 Nxa2 13. Rd1 Nb4 14.
Nxe5 O-O 15. Nb5 c6 16. c3 f6 17. cxb4 fxe5 18. Rxf8+ Kxf8 19. Nd6 g6 20. Kd2
Ke7 21. Nxc8+ Rxc8 22. Rf1 Rf8 23. Rxf8 Kxf8 24. Ke3 Ke7 25. Kf3 h5 26. h4 Kd6
27. g4 c5 28. bxc5+ Kxc5 29. Ke3 hxg4 30. d4+ exd4+ 31. Kf4 d3 32. Kxg4 d2 33.
Kg5 d1=Q 34. Kxg6 Qg4+ 35. Kh6 Qxh4+ 36. Kg6 Qxe4+ 37. Kf7 Qe6+ 38. Kg7 Kd5 39.
b4 Ke5 40. b5 Kf5 41. b6 axb6 42. Kf8 Qe3 43. Kg7 d5 44. Kf8 Kf6 45. Kg8 Kg6
46. Kf8 Qe5 47. Kg8 Qe8# 0-1

[Event "Michigan Action"]
[Site "Detroit, MI"]
[Date "1999.12.18"]
[Round "3"]
[White "Weaks, Shanar"]
[Black "Choate, Eric"]
[Result "0-1"]
[WhiteElo "771"]
[BlackElo "1195"]
[PlyCount "30"]
[EventDate "1999.12.18"]

1. e4 e5 2. Nf3 d6 3. Bc4 Be7 4. d3 Nc6 5. Ng5 Bxg5 6. Bxg5 Qxg5 7. Qf3 Nf6 8.
Nc3 O-O 9. Nd5 Nxd5 10. Bxd5 Nd4 11. Qd1 c6 12. Bc4 Qxg2 13. Rf1 Bg4 14. Qc1
Nf3+ 15. Kd1 Qxf1# 0-1

[Event "Michigan Action"]
[Site "Detroit, MI"]
[Date "1999.12.18"]
[Round "4"]
[White "Walkenbach, Richard"]
[Black "Weaks, Shanar"]
[Result "1-0"]
[WhiteElo "795"]
[BlackElo "771"]
[PlyCount "71"]
[EventDate "1999.12.18"]

1. d4 d5 2. c4 Nf6 3. e3 e6 4. Nc3 Nc6 5. Nf3 Bb4 6. Bd2 O-O 7. Bd3 Re8 8. Qc2
e5 9. cxd5 Nxd5 10. e4 Nxc3 11. bxc3 Bd6 12. d5 Bg4 13. Be2 Ne7 14. Ng5 Bxe2
15. Kxe2 Ng6 16. g3 Qf6 17. Rhf1 c6 18. dxc6 bxc6 19. Rab1 Rab8 20. Rxb8 Bxb8
21. f4 exf4 22. h4 Qe7 23. gxf4 f6 24. f5 fxg5 25. fxg6 Qxe4+ 26. Qxe4 Rxe4+
27. Kd1 gxh4 28. gxh7+ Kxh7 29. Rh1 Kg6 30. Rg1+ Bg3 31. Kc2 Kh5 32. Kd3 Re6
33. a4 h3 34. Rxg3 Kh4 35. Bf4 h2 36. Rg2 $138 1-0

[Event "Michigan Action"]
[Site "Detroit, MI"]
[Date "1999.12.18"]
[Round "2"]
[White "Walkenbach, Richard"]
[Black "McFolley, Tyrone"]
[Result "0-1"]
[WhiteElo "795"]
[BlackElo "893"]
[PlyCount "39"]
[EventDate "1999.12.18"]

1. d4 Nf6 2. c4 e6 3. Nc3 d6 4. Nf3 Nc6 5. e3 Be7 6. Bd3 O-O 7. Qc2 g6 8. e4
Nb4 9. Qe2 Nxd3+ 10. Qxd3 c5 11. Bg5 cxd4 12. Bxf6 Bxf6 13. O-O-O dxc3 14. bxc3
Qa5 15. Nd4 Qxa2 16. Rd2 Bg5 17. Qc2 Qxc2+ 18. Kxc2 Bxd2 19. Kxd2 f5 20. exf5
0-1

[Event "Michigan Action"]
[Site "Detroit, MI"]
[Date "1999.12.18"]
[Round "5"]
[White "Walkenbach, Richard"]
[Black "Akindele, Wale"]
[Result "0-1"]
[WhiteElo "795"]
[BlackElo "1000"]
[PlyCount "56"]
[EventDate "1999.12.18"]

1. d4 d5 2. c4 Nf6 3. Nc3 e6 4. e3 c5 5. Nf3 Nc6 6. Bd3 Bd6 7. Bd2 Nb4 8. Na4
Nxd3+ 9. Kf1 dxc4 10. dxc5 Nxc5 11. Nxc5 Bxc5 12. Qa4+ Ke7 13. Qxc4 Qd6 14. Bb4
Bxb4 15. e4 Qc5 16. Qxc5+ Bxc5 17. Rc1 b6 18. Ke2 Ba6+ 19. Kd2 Rhd8+ 20. Kc2
Nxe4 21. Rhf1 Bxf1 22. Rxf1 Bxf2 23. Ne5 Rd5 24. Kb1 Rd6 25. Nc4 Rc6 26. b3
Rxc4 27. bxc4 Nd2+ 28. Kc2 Nxf1 0-1

[Event "Kalamazoo December Mini-Swiss.3"]
[Site "Kalamazoo, MI"]
[Date "1999.12.18"]
[Round "3"]
[White "Tuzeneu, Jim"]
[Black "Krzyston, Joe"]
[Result "1/2-1/2"]
[WhiteElo "824"]
[BlackElo "962"]
[PlyCount "94"]
[EventDate "1999.12.18"]

1. e4 c5 2. Nf3 Nc6 3. Nc3 d6 4. Nd5 e6 5. Nf4 e5 6. Nd5 Nf6 7. Nxf6+ Qxf6 8.
Bc4 Bg4 9. Be2 O-O-O 10. O-O d5 11. exd5 Rxd5 12. Re1 Bd6 13. d3 Bf5 14. c4 Rd4
15. Nxd4 exd4 16. Bg4 h5 17. Bxf5+ Qxf5 18. Re4 h4 19. Qe1 h3 20. g3 Ne5 21.
Kf1 Qf3 22. Bf4 Qg2+ 23. Ke2 Qf3+ 24. Kd2 Qxd3+ 25. Kc1 Qxc4+ 26. Kd1 Qd3+ 27.
Qd2 Qxe4 28. b3 Qh1+ 29. Qe1 Qf3+ 30. Qe2 Qh1+ 31. Qe1 Qxh2 32. Qe4 Qh1+ 33.
Qe1 Qf3+ 34. Kd2 Qc3+ 35. Kd1 Qxe1+ 36. Kxe1 h2 37. Ke2 h1=Q 38. Rxh1 Rxh1 39.
a3 Rb1 40. b4 cxb4 41. axb4 Rxb4 42. Bd2 Rb2 43. Kd1 Bb4 44. Bf4 f6 45. Kc1
Rxf2 46. Kd1 Nd3 47. Be3 dxe3 1/2-1/2

[Event "Kalamazoo December Mini-Swiss.3"]
[Site "Kalamazoo, MI"]
[Date "1999.12.18"]
[Round "1"]
[White "Tuzeneu, Jim"]
[Black "Dick, Jason"]
[Result "0-1"]
[WhiteElo "824"]
[BlackElo "1162"]
[PlyCount "58"]
[EventDate "1999.12.18"]

1. e4 e5 2. Nf3 Nf6 3. Nc3 d6 4. d4 Bg4 5. Be2 exd4 6. Nxd4 Bxe2 7. Ndxe2 d5 8.
Qd4 c5 9. Qe5+ Be7 10. exd5 O-O 11. Nf4 Bd6 12. Qe2 Re8 13. Be3 Bxf4 14. O-O-O
Bxe3+ 15. fxe3 Ne4 16. Rd3 Nxc3 17. Rxc3 Qxd5 18. b3 Qe5 19. Rc4 Qa1+ 20. Kd2
Qxh1 21. Rxc5 Nc6 22. Rh5 Rad8+ 23. Kc3 Qd1 24. Qb5 Rxe3+ 25. Kb2 Qd4+ 26. Ka3
Qb6 27. Qg5 Rd4 28. Qxe3 Ra4+ 29. bxa4 Qb4# 0-1

[Event "Michigan Women's"]
[Site "Detroit, MI"]
[Date "1999.12.18"]
[Round "2"]
[White "Trice, Shevonne"]
[Black "Skidmore, Jennifer"]
[Result "0-1"]
[WhiteElo "878"]
[BlackElo "1889"]
[PlyCount "106"]
[EventDate "1999.12.18"]

1. e4 e5 2. Nf3 d6 3. Nc3 c6 4. d4 exd4 5. Qxd4 Nf6 6. Bg5 Be7 7. Bc4 O-O 8.
O-O Bg4 9. Qd3 Nbd7 10. b4 a5 11. a3 axb4 12. axb4 Qb6 13. Rxa8 Rxa8 14. Rb1 h6
15. Bxf6 Bxf6 16. h3 Bxf3 17. Qxf3 Ne5 18. Qe2 Qd4 19. Bxf7+ Nxf7 20. Qe3 Qxe3
21. fxe3 Bxc3 22. Rb3 Be5 23. Kf2 Ng5 24. g4 Nxe4+ 25. Ke2 Ra2 26. Kd3 Nf2+ 27.
Kd2 Nxh3 28. Rb1 Nf2 29. Rg1 Ne4+ 30. Kd3 d5 31. Rg2 Ra3+ 32. Ke2 Rc3 33. Kf3
Ng5+ 34. Kf2 Rxc2+ 35. Kf1 Rxg2 36. Kxg2 Bd6 37. Kf1 Bxb4 38. Ke2 Ne4 39. Kf3
Bd2 40. Ke2 b5 41. Kd3 b4 42. Kc2 c5 43. Kd3 c4+ 44. Kd4 b3 45. Kxd5 b2 46.
Kxe4 b1=Q+ 47. Kf3 Qd3 48. Kg3 Bxe3 49. Kh3 Bg5+ 50. Kg2 Bf4 51. Kf2 Qd2+ 52.
Kf3 c3 53. Ke4 c2 0-1

[Event "Michigan Women's"]
[Site "Detroit, MI"]
[Date "1999.12.18"]
[Round "4"]
[White "Thompson, Shereece"]
[Black "Trice, Shevonne"]
[Result "0-1"]
[WhiteElo "779"]
[BlackElo "878"]
[PlyCount "88"]
[EventDate "1999.12.18"]

1. e4 e5 2. Nf3 Nc6 3. Bc4 Nf6 4. Nc3 d6 5. O-O Bg4 6. h3 Bxf3 7. Qxf3 Nd4 8.
Qd1 c6 9. d3 d5 10. Bb3 Bb4 11. Be3 Nxb3 12. cxb3 d4 13. Bg5 dxc3 14. bxc3 Bxc3
15. Rc1 Bd4 16. Qf3 h6 17. Bxf6 Qxf6 18. Qxf6 gxf6 19. a4 Ke7 20. Rc4 Rhd8 21.
Rb4 b6 22. Rc1 c5 23. Rbc4 Ke6 24. b4 Rdc8 25. bxc5 bxc5 26. Rb1 Rab8 27. Rxb8
Rxb8 28. g3 f5 29. a5 h5 30. Kg2 f4 31. h4 fxg3 32. fxg3 Rb3 33. Kh3 Rxd3 34.
Rc1 Re3 35. Rb1 c4 36. Rb7 Rxe4 37. a6 c3 38. Rb8 Re3 39. Rc8 Re2 40. Rc7 c2
41. Rc8 Bb2 42. Re8+ Kf6 43. Ra8 c1=Q 44. Rxa7 Qh1# 0-1

[Event "Michigan Women's"]
[Site "Detroit, MI"]
[Date "1999.12.18"]
[Round "2"]
[White "Thompson, Shereece"]
[Black "Ianni, Angela"]
[Result "0-1"]
[WhiteElo "779"]
[BlackElo "1102"]
[PlyCount "50"]
[EventDate "1999.12.18"]

1. e4 e5 2. Nf3 Nc6 3. Bc4 Bc5 4. h3 Nf6 5. Ng5 O-O 6. Qf3 h6 7. Nxf7 Rxf7 8.
Bxf7+ Kxf7 9. Nc3 Nd4 10. Qd3 d5 11. b3 dxe4 12. Nxe4 Nxe4 13. Qxe4 Qf6 14. Rf1
c6 15. Bb2 Bf5 16. Qe3 Nxc2+ 17. Kd1 Bxe3 18. dxe3 Rd8+ 19. Ke2 Bd3+ 20. Kd2
Nxa1 21. Rxa1 Bb5+ 22. Kc2 Qxf2+ 23. Kc3 Qxe3+ 24. Kc2 Qd2+ 25. Kb1 Bd3# 0-1

[Event "Michigan Women's"]
[Site "Detroit, MI"]
[Date "1999.12.18"]
[Round "3"]
[White "Sturdivant, Ashley"]
[Black "Jackson, Katrina"]
[Result "0-1"]
[WhiteElo "774"]
[BlackElo "1285"]
[PlyCount "37"]
[EventDate "1999.12.18"]

1. e4 e6 2. d4 d5 3. e5 c5 4. Nf3 Nc6 5. c3 cxd4 6. Nxd4 Bc5 7. Nxc6 bxc6 8. b4
Bb6 9. Bd3 Ne7 10. O-O Ng6 11. Re1 O-O 12. Be3 d4 13. cxd4 Bxd4 14. Bxg6 Bxa1
15. Qxd8 Rxd8 16. Be4 Bb7 17. Nd2 Bc3 18. Rd1 Bxe5 19. b5 {[Remainder
illegible]} 0-1

[Event "Michigan Women's"]
[Site "Detroit, MI"]
[Date "1999.12.18"]
[Round "2"]
[White "Sturdivant, Ashley"]
[Black "Coleman, Keyanna"]
[Result "1-0"]
[WhiteElo "774"]
[BlackElo "333"]
[PlyCount "55"]
[EventDate "1999.12.18"]

1. e4 Nc6 2. Nf3 e6 3. Bc4 d5 4. exd5 exd5 5. Bb5 a6 6. Bxc6+ bxc6 7. O-O f6 8.
Nc3 g5 9. Re1+ Kf7 10. Nd4 c5 11. Nb3 c4 12. Na5 Rb8 13. Nc6 Qd6 14. Nxb8 Bd7
15. Nxd7 Qxd7 16. d3 cxd3 17. Qxd3 Ne7 18. Rxe7+ Qxe7 19. Nxd5 c6 20. Nxe7 Bxe7
21. Qxa6 f5 22. Qxc6 Rd8 23. Be3 f4 24. Bb6 Rd6 25. Qc7 g4 26. Bc5 Ra6 27.
Qxe7+ Kg8 28. Qf8# 1-0

[Event "Michigan Action"]
[Site "Detroit, MI"]
[Date "1999.12.18"]
[Round "3"]
[White "Steen, Harold"]
[Black "Menczer, David"]
[Result "1-0"]
[WhiteElo "1706"]
[BlackElo "1325"]
[PlyCount "89"]
[EventDate "1999.12.18"]

1. e4 d5 2. exd5 Qxd5 3. Nc3 Qa5 4. Nf3 Nf6 5. Bc4 Bf5 6. O-O e6 7. d4 c6 8.
Bd2 Nbd7 9. Nh4 Bg6 10. Re1 Bd6 11. Ne4 Qc7 12. Nxd6+ Qxd6 13. Be3 Bh5 14. Nf3
Nb6 15. Be2 Nbd5 16. Bg5 h6 17. Bh4 Nf4 18. c3 Nxe2+ 19. Qxe2 O-O-O 20. h3 Rde8
21. Bg3 Qd7 22. Qe5 Kd8 23. Nh4 g5 24. Qxf6+ Qe7 25. Qxe7+ Rxe7 26. Nf3 Bxf3
27. gxf3 f5 28. Be5 Rg8 29. Bf6 f4 30. Re5 Rg6 31. Bxe7+ Kxe7 32. Rae1 b5 33.
b4 Kd7 34. R1e4 a6 35. Kf1 Kd6 36. Ke2 Kd7 37. Kd3 Kd6 38. c4 Kd7 39. c5 Ke7
40. d5 cxd5 41. Rxd5 Kf7 42. Rd6 a5 43. bxa5 Rg8 44. Rexe6 Rc8 45. Kd4 1-0

[Event "Michigan Action"]
[Site "Detroit, MI"]
[Date "1999.12.18"]
[Round "1"]
[White "Steen, Harold"]
[Black "Johnson, Christopher"]
[Result "1-0"]
[WhiteElo "1706"]
[BlackElo "830"]
[PlyCount "37"]
[EventDate "1999.12.18"]

1. d4 d5 2. c4 c6 3. Nc3 Nf6 4. Nf3 Bf5 5. e3 Nbd7 6. Be2 e6 7. O-O Be7 8. b3
Ne4 9. Bb2 Bh4 10. Nxe4 Bxe4 11. Nxh4 Qxh4 12. f3 Bf5 13. Qe1 Qxe1 14. Rfxe1 c5
15. Rac1 O-O-O {[Black castled illegally, moving king to b8 and rook to c8]}
16. h4 cxd4 17. g4 dxe3 18. gxf5 exf5 19. cxd5+ {[With the Black rook on c8,
Black now played ...f4. 1-0, 39]} 1-0

[Event "Michigan Action"]
[Site "Detroit, MI"]
[Date "1999.12.18"]
[Round "5"]
[White "Steen, Harold"]
[Black "Asbury, Victor"]
[Result "1-0"]
[WhiteElo "1706"]
[BlackElo "1552"]
[PlyCount "103"]
[EventDate "1999.12.18"]

1. e4 c5 2. Nf3 Nc6 3. d3 g6 4. g3 Bg7 5. Bg2 Nf6 6. c3 O-O 7. Nbd2 d6 8. O-O
Bd7 9. Re1 Qc8 10. d4 cxd4 11. cxd4 Bh3 12. Nf1 Bxg2 13. Kxg2 h5 14. Nh4 Qg4
15. f3 Qd7 16. Be3 b6 17. Qb3 Na5 18. Qd3 Rac8 19. Rac1 Rxc1 20. Rxc1 Rc8 21.
b4 Rxc1 22. Bxc1 Nc6 23. a3 Ne8 24. Be3 Qc7 25. Qc4 Nb8 26. Qb3 b5 27. Nxg6 Qc4
28. Nxe7+ Kf8 29. Qxc4 bxc4 30. Nd5 Nc6 31. Nd2 Bxd4 32. Nxc4 Bxe3 33. Ncxe3
Nd4 34. a4 Ng7 35. b5 Nge6 36. b6 axb6 37. Nxb6 Nc5 38. Nec4 Ke7 39. a5 Nb5 40.
Nd5+ Kd7 41. Nf6+ Kc6 42. Nxh5 d5 43. Ne5+ Kd6 44. Nxf7+ Ke7 45. Ne5 d4 46. Nf4
Kf6 47. Nfd3 Nb3 48. a6 Ke7 49. h4 Kd6 50. h5 Nc5 51. Nxc5 Kxc5 52. h6 1-0

[Event "Kalamazoo December Mini-Swiss.3"]
[Site "Kalamazoo, MI"]
[Date "1999.12.18"]
[Round "2"]
[White "Smith, Adam"]
[Black "Henkel, Scott"]
[Result "0-1"]
[WhiteElo "1171"]
[BlackElo "1365"]
[PlyCount "78"]
[EventDate "1999.12.18"]

1. e4 d6 2. d4 Nf6 3. Nc3 g6 4. f4 Bg7 5. Nf3 c5 6. d5 Bg4 7. Be3 Qa5 8. Bb5+
Nbd7 9. O-O a6 10. Bxd7+ Nxd7 11. Qd2 b5 12. Rae1 b4 13. Ne2 Bxb2 14. Nc1 Bc3
15. Qd3 Bxf3 16. Nb3 Qb5 17. Qxb5 axb5 18. gxf3 Bxe1 19. Rxe1 Rxa2 20. Re2 O-O
21. Rg2 f5 22. h4 fxe4 23. fxe4 Nf6 24. f5 Kg7 25. Bg5 Nxe4 26. fxg6 Nxg5 27.
gxh7 Kxh7 28. hxg5 Kg6 29. Rh2 Rf5 30. Rh6+ Kxg5 31. Rh7 Re5 32. Nd2 Kg6 33.
Rh2 Rxc2 34. Nf3 Rc1+ 35. Kf2 Rc2+ 36. Kg3 Rxh2 37. Nxe5+ dxe5 38. Kxh2 b3 39.
d6 exd6 0-1

[Event "Michigan Action"]
[Site "Detroit, MI"]
[Date "1999.12.18"]
[Round "5"]
[White "Skidmore, Mike"]
[Black "Kimura, Daniel"]
[Result "1-0"]
[WhiteElo "1902"]
[BlackElo "861"]
[PlyCount "56"]
[EventDate "1999.12.18"]

1. e4 e5 2. Nf3 Nc6 3. Bb5 a6 4. Ba4 b5 5. Bb3 Nf6 6. Ng5 d5 7. exd5 Nxd5 8.
Qf3 Qxg5 9. Bxd5 Be6 10. Bxc6+ Kd8 11. Bxa8 Bd6 12. O-O Qh4 13. Qg3 Qf6 14. d3
h6 15. Be4 g5 16. Nc3 Qg7 17. Bd5 Bd7 18. Ne4 Be7 19. f4 c6 20. Bb3 f5 21. Nc3
Bc5+ 22. Kh1 Qf6 23. fxe5 Qg6 24. Bd2 Rf8 25. Ne2 Qh5 26. d4 f4 27. Nxf4 gxf4
28. Qf3 Qh4 1-0

[Event "Michigan Action"]
[Site "Detroit, MI"]
[Date "1999.12.18"]
[Round "3"]
[White "Skidmore, Mike"]
[Black "Coleman, Kareem"]
[Result "1-0"]
[WhiteElo "1902"]
[BlackElo "567"]
[PlyCount "83"]
[EventDate "1999.12.18"]

1. e4 d6 2. Nf3 Nf6 3. Nc3 g6 4. Bc4 Bg7 5. O-O O-O 6. d3 Nc6 7. a3 Be6 8. Bxe6
fxe6 9. Ng5 d5 10. Nxe6 Qe8 11. Nxc7 Qd7 12. Nxa8 Rxa8 13. Nxd5 Nxd5 14. exd5
Qxd5 15. c3 Nd8 16. d4 Ne6 17. Re1 Rf8 18. Qg4 Rf6 19. Qe4 Qxe4 20. Rxe4 b6 21.
Bd2 Bf8 22. Rae1 Nc7 23. Bg5 Rc6 24. Bxe7 Bxe7 25. Rxe7 Nd5 26. Rxa7 Rc8 27. c4
Nf6 28. b3 b5 29. Re6 Nd5 30. Kf1 bxc4 31. bxc4 Nf4 32. Ree7 Nd3 33. c5 Rb8 34.
Rab7 Rxb7 35. Rxb7 Nxf2 36. Kxf2 Kf8 37. a4 Ke8 38. a5 Kd8 39. c6 Kc8 40. a6
Kd8 41. a7 Kc8 42. a8=Q# 1-0

[Event "Michigan Action"]
[Site "Detroit, MI"]
[Date "1999.12.18"]
[Round "1"]
[White "Skidmore, Mike"]
[Black "Carroll, Mitchell"]
[Result "1-0"]
[WhiteElo "1902"]
[BlackElo "907"]
[PlyCount "65"]
[EventDate "1999.12.18"]

1. e4 e5 2. Nf3 Nc6 3. Bb5 Nf6 4. d4 a6 5. Ba4 d5 6. exd5 b5 7. Bb3 Nxd5 8. O-O
a5 9. Ng5 a4 10. Bxd5 Qxd5 11. Nc3 Qd7 12. Nxb5 Be7 13. Ne4 Rb8 14. Nbc3 O-O
15. Nxa4 f5 16. Ng3 Nxd4 17. Nc3 Qe8 18. Nd5 Bd8 19. c3 Ne6 20. Qe2 Nc5 21. b4
Na4 22. Qc2 c6 23. Qxa4 cxd5 24. Qxe8 Rxe8 25. Re1 h6 26. Bf4 Bc7 27. Bd2 f4
28. Bxf4 Ba6 29. Bd2 Bd6 30. a4 Rf8 31. a5 e4 32. Ne2 Rf6 33. Nd4 1-0

[Event "Michigan Women's"]
[Site "Detroit, MI"]
[Date "1999.12.18"]
[Round "1"]
[White "Skidmore, Jennifer"]
[Black "Sturdivant, Ashley"]
[Result "1-0"]
[WhiteElo "1889"]
[BlackElo "774"]
[PlyCount "53"]
[EventDate "1999.12.18"]

1. e4 e6 2. d4 d5 3. e5 Nc6 4. c3 Bd7 5. f4 Be7 6. Nf3 f6 7. Bd3 h6 8. Bg6+ Kf8
9. O-O f5 10. Qd3 Be8 11. Bxf5 exf5 12. Qxf5+ Bf7 13. e6 Nf6 14. exf7 Kxf7 15.
Ng5+ hxg5 16. fxg5 Qd6 17. Bf4 Qe6 18. g6+ Kf8 19. Qxe6 Nd8 20. Qe2 c6 21. Be5
Rh6 22. Qg4 c5 23. Nd2 b6 24. Rae1 Nc6 25. Bxf6 gxf6 26. Re6 Rh4 27. Qxh4 1-0

[Event "Michigan Action"]
[Site "Detroit, MI"]
[Date "1999.12.18"]
[Round "4"]
[White "Skidmore, Jennifer"]
[Black "Steen, Harold"]
[Result "1-0"]
[WhiteElo "1889"]
[BlackElo "1706"]
[PlyCount "55"]
[EventDate "1999.12.18"]

1. e4 c5 2. Nc3 e6 3. f4 Nc6 4. Bb5 Qc7 5. Bxc6 Qxc6 6. d3 d6 7. Nf3 Be7 8. O-O
Nf6 9. Qe1 a6 10. b3 b5 11. Bb2 Bb7 12. Qg3 Rg8 13. Rae1 Nh5 14. Qg4 g6 15. Ng5
Nf6 16. Qh3 h5 17. Nd1 c4 18. e5 Ng4 19. exd6 Bxd6 20. Ne4 Be7 21. Ne3 O-O-O
22. bxc4 Nxe3 23. Rxe3 bxc4 24. Kh1 Kb8 25. Be5+ Ka8 26. d4 Qd5 27. Nc3 Qc6 28.
Rb1 1-0

[Event "Michigan Women's"]
[Site "Detroit, MI"]
[Date "1999.12.18"]
[Round "3"]
[White "Skidmore, Jennifer"]
[Black "Moore, Stacey"]
[Result "1-0"]
[WhiteElo "1889"]
[BlackElo "1053"]
[PlyCount "59"]
[EventDate "1999.12.18"]

1. e4 e5 2. Nf3 Nc6 3. Bb5 Nf6 4. d3 Bd6 5. Bg5 a6 6. Bc4 Bc5 7. O-O d6 8. Nc3
O-O 9. Nd5 Nd4 10. Nxd4 Bxd4 11. Nxf6+ gxf6 12. Bh6 b5 13. Bd5 Rb8 14. c3 Bb6
15. Qh5 Qe7 16. Bxf8 Qxf8 17. Kh1 Bd7 18. f4 Qe7 19. f5 a5 20. Rf3 Kf8 21. Qxh7
Ke8 22. Rg3 Kd8 23. Rg8+ Be8 24. Bxf7 Kd7 25. Be6+ Kd8 26. Rg7 Qxg7 27. Qxg7 c5
28. Qxf6+ Kc7 29. Qe7+ Kc6 30. Bd5# 1-0

[Event "Michigan Action"]
[Site "Detroit, MI"]
[Date "1999.12.18"]
[Round "5"]
[White "Skidmore, Jennifer"]
[Black "Mailing, Ian"]
[Result "0-1"]
[WhiteElo "1889"]
[BlackElo "2115"]
[PlyCount "74"]
[EventDate "1999.12.18"]

1. e4 c6 2. d4 d5 3. e5 Bf5 4. c3 e6 5. f4 c5 6. Bb5+ Nc6 7. Nf3 Qb6 8. Bxc6+
bxc6 9. O-O Nh6 10. b3 cxd4 11. cxd4 Be7 12. Ba3 Bxa3 13. Nxa3 O-O 14. Nc2 c5
15. Kh1 Rac8 16. dxc5 Rxc5 17. Ncd4 Rfc8 18. h3 Rc3 19. Qe1 Be4 20. Qh4 Bxf3
21. Nxf3 Nf5 22. Qg5 h6 23. Qg4 Ne3 24. Qh4 Nxf1 25. Rxf1 Rc2 26. Nh2 Qb5 27.
Rg1 Qb4 28. a3 Qe4 29. Nf3 Re2 30. Qe7 Qxf4 31. Qxa7 Ra2 32. a4 Rcc2 33. Ne1
Re2 34. Qa8+ Kh7 35. Qa6 g6 36. Qd3 Re3 37. Qb1 Rae2 0-1

[Event "Michigan Action"]
[Site "Detroit, MI"]
[Date "1999.12.18"]
[Round "2"]
[White "Skidmore, Jennifer"]
[Black "Crawford, Brandon"]
[Result "1-0"]
[WhiteElo "1889"]
[BlackElo "1129"]
[PlyCount "39"]
[EventDate "1999.12.18"]

1. e4 e5 2. Nf3 Nc6 3. Bb5 Nf6 4. O-O d6 5. d3 Be7 6. c3 O-O 7. Bg5 Bg4 8. Nbd2
d5 9. Bxf6 Bxf6 10. Qa4 Ne7 11. exd5 Nxd5 12. Qxg4 c6 13. Bc4 Nf4 14. Rae1 Re8
15. Ne4 Kf8 16. d4 Ng6 17. Nxf6 Qxf6 18. Ng5 Qe7 19. Nxh7+ Kg8 20. Qxg6 1-0

[Event "Michigan Action"]
[Site "Detroit, MI"]
[Date "1999.12.18"]
[Round "3"]
[White "Sims, Chris"]
[Black "Kimura, Daniel"]
[Result "1-0"]
[WhiteElo "1372"]
[BlackElo "861"]
[PlyCount "33"]
[EventDate "1999.12.18"]

1. e4 e5 2. Nf3 Nc6 3. Bc4 Bc5 4. O-O Nf6 5. d4 Nxd4 6. Nxe5 O-O 7. Be3 Ne6 8.
Bxc5 Nxc5 9. Nxf7 Rxf7 10. Bxf7+ Kxf7 11. e5 Nfe4 12. Qd5+ Kf8 13. f3 c6 14.
fxe4+ Qf6 15. Qd6+ Kg8 16. exf6 Nxe4 17. f7+ 1-0

[Event "Michigan Action"]
[Site "Detroit, MI"]
[Date "1999.12.18"]
[Round "6"]
[White "Sims, Chris"]
[Black "Gramlich, Allen"]
[Result "1-0"]
[WhiteElo "1372"]
[BlackElo "1509"]
[PlyCount "35"]
[EventDate "1999.12.18"]

1. e4 c5 2. Nf3 Nc6 3. Bc4 e6 4. Nc3 g6 5. d4 cxd4 6. Nxd4 Bg7 7. Be3 Qb6 8.
Nxe6 Qxb2 9. Nxg7+ Kf8 10. Qd6+ Nge7 11. O-O Qxc3 12. Bh6 Qxc4 13. Rad1 Kg8 14.
Nh5 gxh5 15. Qf6 Nf5 16. exf5 Qg4 17. h3 Qxf5 18. Qg7# 1-0

[Event "Michigan Action"]
[Site "Detroit, MI"]
[Date "1999.12.18"]
[Round "5"]
[White "Sims, Chris"]
[Black "Dyer, Todd"]
[Result "1-0"]
[WhiteElo "1372"]
[BlackElo "1499"]
[PlyCount "35"]
[EventDate "1999.12.18"]

1. e4 c6 2. d4 d5 3. Nf3 dxe4 4. Ng5 Bf5 5. g4 h6 6. Nxf7 Kxf7 7. gxf5 Qa5+ 8.
c3 Qxf5 9. Qb3+ Kg6 10. Qxb7 Nf6 11. Qxa8 Ng4 12. Be3 Nxe3 13. fxe3 e5 14. Qxb8
Be7 15. Qxe5 Bh4+ 16. Kd2 Qf2+ 17. Be2 Bg5 18. Qxe4+ 1-0

[Event "Michigan Action"]
[Site "Detroit, MI"]
[Date "1999.12.18"]
[Round "1"]
[White "Sims, Chris"]
[Black "Collins, Michael"]
[Result "1-0"]
[WhiteElo "1372"]
[BlackElo "602"]
[PlyCount "21"]
[EventDate "1999.12.18"]

1. e4 e5 2. Nf3 Nc6 3. Bc4 Na5 4. Bxf7+ Kxf7 5. Nxe5+ Ke6 6. d4 d6 7. Nd3 d5 8.
exd5+ Kxd5 9. Qh5+ Kxd4 10. Be3+ Ke4 11. Nd2# 1-0

[Event "Michigan Action"]
[Site "Detroit, MI"]
[Date "1999.12.18"]
[Round "2"]
[White "Sanborn, Richard"]
[Black "Horwood, Rob"]
[Result "1-0"]
[WhiteElo "1734"]
[BlackElo "1096"]
[PlyCount "64"]
[EventDate "1999.12.18"]

1. e4 e5 2. Nf3 Nc6 3. Bc4 h6 4. O-O Nf6 5. Nc3 Bb4 6. d3 Bxc3 7. bxc3 O-O 8.
Be3 d6 9. h3 Re8 10. a4 Be6 11. Bb5 Qd7 12. Nh4 a6 13. Bxc6 bxc6 14. Kh2 Qe7
15. g3 Qd7 16. g4 Qe7 17. Nf5 Bxf5 18. gxf5 d5 19. f3 Rad8 20. Qe2 c5 21. Rg1
Kh7 22. Qf2 Nh5 23. Bxc5 Qf6 24. Be3 d4 25. cxd4 exd4 26. Bc1 Qe5+ 27. f4 Qc5
28. Rg2 Qc3 29. Ra3 Qc5 30. e5 f6 31. Qf3 fxe5 32. Qxh5 exf4 1-0

[Event "Kalamazoo December Mini-Swiss.1"]
[Site "Kalamazoo, MI"]
[Date "1999.12.18"]
[Round "2"]
[White "Rutgers, Randy"]
[Black "Mills, Dan"]
[Result "1-0"]
[WhiteElo "1575"]
[BlackElo "1470"]
[PlyCount "23"]
[EventDate "1999.12.18"]

1. d4 e6 2. e4 d5 3. Nc3 dxe4 4. f3 exf3 5. Nxf3 Nf6 6. Bg5 Be7 7. Qd2 Nbd7 8.
Bd3 O-O 9. O-O h6 10. Bxh6 gxh6 11. Qxh6 Nh7 12. Qxh7# 1-0